000 00495nam a2200145Ia 4500
008 220216s9999 xx 000 0 und d
100 _aKundu P P
245 0 _aImprovement of adhesive strength between metal-rubber interface by the use of vegetable oil
260 _bPapers presented at the IRMRA 18th Rubber Conference, Mumbai, January 20-21, 2000. p79-86
650 _aAdhesive strength
650 _aMetal-rubber interface
700 _aKukreja T R
700 _aMahato U K
942 _cJS
999 _c60863
_d60863